| 000 -LEADER |
| fixed length control field |
00435pab a2200169 454500 |
| 008 - FIXED-LENGTH DATA ELEMENTS--GENERAL INFORMATION |
| fixed length control field |
180718b1985 xxu||||| |||| 00| 0 eng d |
| 100 ## - MAIN ENTRY--PERSONAL NAME |
| Personal name |
Dwivedi, O.P. |
| 245 ## - TITLE STATEMENT |
| Title |
Marxist contribution to the theory of the administrative state |
| 260 ## - PUBLICATION, DISTRIBUTION, ETC. |
| Date of publication, distribution, etc. |
1985 |
| 300 ## - PHYSICAL DESCRIPTION |
| Extent |
1-17 |
| 362 ## - DATES OF PUBLICATION AND/OR SEQUENTIAL DESIGNATION |
| Dates of publication and/or sequential designation |
Jan.-Mar. |
| 650 ## - SUBJECT ADDED ENTRY--TOPICAL TERM |
| Topical term or geographic name entry element |
Bureaucracy |
| 700 ## - ADDED ENTRY--PERSONAL NAME |
| Personal name |
J. Nef |
| 700 ## - ADDED ENTRY--PERSONAL NAME |
| Personal name |
William Graf |
| 773 ## - HOST ITEM ENTRY |
| Main entry heading |
Indian Journal of Political Science |
| 909 ## - |
| -- |
4926 |